Особенности пространственной организации сдвига на макроуровне в[111]- монокристаллах алюминия; Физическая мезомеханика; Т. 9, № 2

Opis bibliograficzny
Parent link:Физическая мезомеханика/ Институт физики прочности и материаловедения ; Российская академия наук (РАН), Сибирское отделение (СО), Институт физики прочности и материаловедения (ИФПМ).— , 1998-.— 1683-805X
Т. 9, № 2.— 2006.— с. 63-71
1. autor: Теплякова Л. А.
Kolejni autorzy: Лычагин Д. В., Беспалова И. В.
Język:rosyjski
Wydane: 2006
Hasła przedmiotowe:
Format: Rozdział
KOHA link:https://koha.lib.tpu.ru/cgi-bin/koha/opac-detail.pl?biblionumber=449903

MARC

LEADER 00000naa2a2200000 4500
001 449903
005 20231101083235.0
035 |a (RuTPU)RU\TPU\prd\112019 
035 |a RU\TPU\prd\44513 
090 |a 449903 
100 |a 20110608a2006 k y0rusy50 ca 
101 0 |a rus 
102 |a RU 
200 1 |a Особенности пространственной организации сдвига на макроуровне в[111]- монокристаллах алюминия  |f Л. А. Теплякова, Д. В. Лычагин, И. В. Беспалова 
320 |a Библиогр.: 13 назв. 
461 0 |0 (RuTPU)RU\TPU\prd\353  |x 1683-805X  |t Физическая мезомеханика  |f Институт физики прочности и материаловедения ; Российская академия наук (РАН), Сибирское отделение (СО), Институт физики прочности и материаловедения (ИФПМ)  |d 1998- 
463 0 |0 (RuTPU)RU\TPU\prd\112009  |t Т. 9, № 2  |v с. 63-71  |d 2006 
610 1 |a [111]-монокристаллы алюминия 
610 1 |a макроуровень 
610 1 |a кристаллогеометрический анализ 
610 1 |a деформационные рельефы 
610 1 |a сжатие 
610 1 |a сдвиговая деформация 
700 1 |a Теплякова  |b Л. А. 
701 1 |a Лычагин  |b Д. В. 
701 1 |a Беспалова  |b И. В. 
801 1 |a RU  |b 63413507  |c 20060705  |g PSBO 
801 2 |a RU  |b 63413507  |c 20110608  |g RCR 
942 |c BK